Temas atuais de direito contratual

Detalles Bibliográficos
Autor principal: Ustr̀roz, Daniel
Formato: eBook
Lenguaje:portugués
Publicado: [Brasil] : Notadez, 2010
Materias:
Acceso en línea:Acceso restringido

MARC

LEADER 00000nam a22000007a 4500
005 20110824122015.0
008 110824t2010 bl ||||s|||| 00| 0 por d
020 |a 9788599315248 
035 |a 5679 
040 |a vLex 
090 |c 2256  |d 2256 
100 1 |a Ustr̀roz, Daniel 
245 1 0 |a Temas atuais de direito contratual  |h [Recurso electrn̤ico] /  |c Daniel Ustr̀roz 
256 |a Servicio en ln̕ea. 
260 |a [Brasil] :  |b Notadez,  |c 2010 
500 |a A presente obra apresenta trs̊ temas de teoria geral do direito contratual que estô diuturnamente presentes nos escritr̤ios, nos tribunais, nas faculdades e em todos os cr̕culos em que se desenvolve o Direito. A revalorizaȯ̂ da boa-f ̌no sistema civil ̌o alvo do primeiro capt̕ulo, no qual ̌analisada brevemente sua evoluȯ̂ no direito comparado e a sua recente inserȯ̂ no Cd̤igo Civil. Na segunda parte, aborda-se o tema da responsabilidade pr-̌negocial. ° luz das premissas de Rudolf von Ihering, na grande obra que ̌a culpa in contrahendo, discute-se a melhor forma de recepcionar juridicamente essa exign̊cia da sociedade civil.  
506 1 |a Contenido solo disponible en los productos indicados  |d vLex Global  |d vLex Global (Academic Edition, excluding Law Schools)  |d vLex Global (U.S. Academic Edition, Law Schools)  |d vLex Global (U.S. Academic Edition, excluding Law Schools)  |d vLex Global (Academic Edition, Law Schools) 
650 0 4 |a Derecho mercantil 
650 0 4 |a Contratos 
740 0 |a vLex Libros (Servicio en ln̕ea) 
856 4 0 |u http://vlex.com/source/temas-atuais-direito-contratual-5679  |z Acceso restringido 
942 |c BOOK